000 00457nam a22001457a 4500
003 NUST - PNEC
005 20170116181054.0
008 150930b xxu||||| |||| 00| 0 eng d
040 _cLIBRARY
082 _a623.817 SEM
100 _911993
_a Semenov-Ti︠a︡n-Shanskiĭ
245 _aStatics and dynamics of the ship;
_btheory of buoyancy, stability, and launching.
_cTi︠a︡n-Shanskiĭ Semenov
650 _95453
_aNaval architecture
942 _2ddc
_cBK
999 _c68489
_d68489